000 00309nam a22001337a 4500
082 _a823
_bCLA/F
245 _aTHE FROG PRINCE
_bSHORT STORY
246 _aTHE FROG PRINCE
_bSHORT STORY
250 _a2003
260 _aDELHI
_bCLASSIC BOOKS
_c2003
300 _a205
520 _aCHILDRENS SHORT STORY
942 _cBK
999 _c301
_d301